000
00204 a2200097 4500
001
30730
100
_a
Worvill
245
_a
Exploring space
260
_a
England
_b
Ladybird Bks
_c
090
_c
20662
_d
20662
942
_a
NUST-CAE
_c
M
_c
11850
999
_c
265803
_d
265803